Meranie efektívnosti bánk diplomová práca

Guardado en:
Detalles Bibliográficos
Autor principal: Pančurová, Dana, 1988-
Autor Corporativo: Podnikovohospodárska fakulta EU so sídlom v Košiciach. Katedra hospodárskej informatiky a matematiky
Otros Autores: Lyócsa, Štefan, 1982-
Formato: Libro
Lenguaje:eslovaco
Publicado: Košice 2012
Etiquetas: Agregar Etiqueta
Sin Etiquetas, Sea el primero en etiquetar este registro!

MARC

LEADER 00000nbm a2200000 4500
001 0153131
005 20161109102050.4
041 0 |a slo 
044 |a SK 
245 1 0 |a Meranie efektívnosti bánk  |b diplomová práca  |c Dana Pančurová ; školiteľ: Štefan Lyócsa 
264 1 |a Košice  |c 2012 
300 |a 65 s. 
100 1 |a Pančurová, Dana, 1988- 
700 1 |a Lyócsa, Štefan, 1982- 
710 2 |a Podnikovohospodárska fakulta EU so sídlom v Košiciach. Katedra hospodárskej informatiky a matematiky